Bagaimana saya boleh menjadi jutawan /

Bibliographic Details
Main Author: Khoo, Adam
Format: Book
Published: Selangor: PTS Millinnia sdn bhd, 2009.
Subjects:
LEADER 00507cam a2200193 7i4500
001 0000019328
005 20151104090000.0
005 ##20151104122300.0
003 ##MY-KlINT
020 # # |a 9789833604357  
039 # 9 |y 201511041223  |z VLOAD 
090 0 0 |a 332.6   |b KHO 
100 1 # |a Khoo, Adam 
245 1 0 |a Bagaimana saya boleh menjadi jutawan /   |c Adam Khoo. 
260 # # |a Selangor:   |b PTS Millinnia sdn bhd,   |c 2009. 
300 # # |a xi,499p.;   |c 23cm. 
650 # 0 |a Finance,Personal  
650 # 0 |a Millionaires  
650 # 0 |a Investment